| 000 | 00000nam 2200000za 4500 |
| 001 | 9.816954 |
| 003 | CaOODSP |
| 005 | 20221107142350 |
| 007 | cr ||||||||||| |
| 008 | 160505s2016 quco o f000 0 eng d |
| 020 | |z978-0-660-04594-8 |
| 040 | |aCaOODSP|beng |
| 043 | |an-cn--- |
| 086 | 1 |aCH4-171/2016E-PDF |
| 110 | 1 |aCanada. |bCanadian Heritage. |
| 245 | 10|aVolunteer and enrich your life |h[electronic resource]. |
| 246 | 3 |aCanadian Heritage Volunteer Centre |
| 260 | |a[Gatineau, Quebec] : |bCanadian Heritage, |cc2016. |
| 300 | |a[2] p. : |bill. |
| 500 | |aIssued also in French under title: Le bénévolat, une richesse pour la vie. |
| 500 | |aThe catalogue number (CH4-171/2016E) and ISBN (978-0-660-04594-8) for the [bilingual] print edition have been copied in this electronic publication. |
| 530 | |aIssued also in printed form. |
| 692 | 07|2gccst|aVolunteer work |
| 692 | 07|2gccst|aNational heritage |
| 775 | 08|tLe bénévolat, une richesse pour la vie |w(CaOODSP)9.816955 |
| 776 | 0#|tVolunteer and enrich your life |w(CaOODSP)9.811166 |
| 856 | 40|qPDF|s2.41 MB|uhttps://publications.gc.ca/collections/collection_2016/pch/CH4-171-2016.pdf |